000 00282nam a2200121Ia 4500
008 191201s2019 xx 000 0 und d
100 _aHAYKIN, Simon
245 0 _aAdaptive Filter Theory
260 _aN. delhi
_bPearson
300 _a920
650 _aM.Tech (ECE)
942 _2ddc
_cBK
999 _c6685
_d6685